guess soccer players by picture (medium) - Statistics

General Stats
  • This quiz has been taken 365 times
  • The average score is 12 of 16
Answer Stats
Picture Answer % Correct
haaland
98%
pepe
91%
salah
90%
ronaldinho
89%
mbappe
86%
lewandowski
84%
son
84%
kane
83%
kroos
74%
de bruyne
63%
courtois
61%
iniesta
60%
r9
55%
tchouameni
52%
osimhen
44%
vlahovic
38%
No matching quizzes found
Score Distribution
Percent of People with Each Score
Percentile by Number Answered
Your Score History
You have not taken this quiz